[Event "chess.com IoM Masters"]
[Site "Douglas ENG"]
[Date "2016.10.02"]
[Round "2.5"]
[White "Khmelniker, Ilya"]
[Black "Eljanov, Pavel"]
[Result "1/2-1/2"]
[WhiteTitle "GM"]
[BlackTitle "GM"]
[WhiteElo "2493"]
[BlackElo "2741"]
[WhiteFideId "2805340"]
[BlackFideId "14102951"]
[EventDate "2016.10.01"]

1. c4 Nf6 2. Nc3 e5 3. Nf3 Nc6 4. g3 Bb4 5. Bg2 O-O 6. O-O d6 7. d3 Re8 8. Bg5
Bxc3 9. bxc3 h6 10. Bxf6 Qxf6 11. Nd2 Bd7 12. Qc2 Rab8 13. f4 Qg6 14. e4 b5 15.
cxb5 Rxb5 16. a4 Rb7 17. Rab1 Rxb1 18. Qxb1 Rb8 19. Qc2 exf4 20. Rxf4 Ne5 21. d4
Ng4 22. Nf1 h5 23. h3 Nf6 24. Qf2 Re8 25. e5 dxe5 26. dxe5 Rxe5 27. Qxa7 Re1 28.
Kh2 Qc2 29. Rf2 Qxc3 30. a5 Ra1 31. a6 Qa5 32. Qa8+ Kh7 33. Qd8 Qb5 34. Rxf6
gxf6 35. Qxf6 Rxa6 36. Qxf7+ Kh6 37. Qf8+ Kg6 38. Be4+ Bf5 39. Qg8+ Kf6 40. Qf8+
Kg6 41. Qg8+ Kf6 42. Qf8+ Kg6 1/2-1/2

[Event "chess.com IoM Masters"]
[Site "Douglas ENG"]
[Date "2016.10.02"]
[Round "2.6"]
[White "Rodshtein, Maxim"]
[Black "Hillarp Persson, Tiger"]
[Result "1-0"]
[WhiteTitle "GM"]
[BlackTitle "GM"]
[WhiteElo "2687"]
[BlackElo "2513"]
[WhiteFideId "2806851"]
[BlackFideId "1700812"]
[EventDate "2016.10.01"]

1. d4 Nf6 2. c4 g6 3. Nc3 Bg7 4. e4 d6 5. Nf3 O-O 6. h3 e5 7. d5 a5 8. g4 Na6 9.
Be3 Nd7 10. a3 Nb6 11. Rg1 Bd7 12. h4 Nc5 13. b3 Kh8 14. Nd2 Qxh4 15. Qf3 Qf6
16. Qh3 g5 17. Be2 h6 18. Rb1 Nc8 19. Rh1 Qg6 20. Qg2 f6 21. Nf1 Ne7 22. Ng3 Qf7
23. Nb5 Bxb5 24. cxb5 a4 25. b4 Nb3 26. Qf3 Rfc8 27. Bc4 c6 28. bxc6 bxc6 29.
Nf5 cxd5 30. Bxd5 Nxd5 31. exd5 Qg6 32. Qe4 Rc7 33. Nxd6 Qxe4 34. Nxe4 Rd8 35.
Bb6 Rc4 36. Bxd8 Rxe4+ 37. Kd1 Rd4+ 38. Ke2 Re4+ 39. Kd3 Rxg4 40. Bb6 e4+ 41.
Ke2 1-0

[Event "chess.com IoM Masters"]
[Site "Douglas ENG"]
[Date "2016.10.02"]
[Round "2.7"]
[White "Puranik, Abhimanyu"]
[Black "Vidit, Santosh Gujrathi"]
[Result "0-1"]
[WhiteTitle "IM"]
[BlackTitle "GM"]
[WhiteElo "2471"]
[BlackElo "2686"]
[WhiteFideId "5061245"]
[BlackFideId "5029465"]
[EventDate "2016.10.01"]

1. Nf3 d5 2. g3 g6 3. Bg2 Bg7 4. c4 dxc4 5. Na3 e5 6. O-O e4 7. Ne1 Nf6 8. Nxc4
O-O 9. d4 Be6 10. b3 Nd5 11. e3 f5 12. f3 exf3 13. Nxf3 Nc6 14. Re1 Nf6 15. Ba3
Re8 16. Rc1 Bd5 17. Qc2 Be4 18. Qe2 Nd5 19. Nfe5 Nxe5 20. dxe5 Bxg2 21. Qxg2
Bxe5 22. e4 Bd4+ 23. Kh1 fxe4 24. Rxe4 Nf6 25. Rxe8+ Qxe8 26. Qxb7 Rb8 27. Qg2
Rb5 28. Bb2 Bxb2 29. Nxb2 Re5 30. Nd3 Re3 31. Nf4 g5 32. Nh3 Re2 33. Qf1 Qe4+
34. Kg1 Qe3+ 35. Kh1 Ng4 0-1

[Event "chess.com IoM Masters"]
[Site "Douglas ENG"]
[Date "2016.10.02"]
[Round "2.8"]
[White "Naiditsch, Arkadij"]
[Black "Zumsande, Martin"]
[Result "1-0"]
[WhiteTitle "GM"]
[BlackTitle "IM"]
[WhiteElo "2684"]
[BlackElo "2490"]
[WhiteFideId "4650891"]
[BlackFideId "4651324"]
[EventDate "2016.10.01"]

1. Nf3 d5 2. g3 Nf6 3. Bg2 e6 4. O-O Be7 5. d3 c5 6. Nbd2 Nc6 7. e4 O-O 8. Re1
b5 9. e5 Nd7 10. Nf1 a5 11. h4 b4 12. N1h2 Ba6 13. Ng4 a4 14. h5 Nd4 15. Nxd4
cxd4 16. h6 g6 17. b3 Qb6 18. Nh2 Rfc8 19. Nf3 a3 20. Bg5 Bf8 21. Qd2 Rc3 22.
Bh4 Ra7 23. Re2 Qc5 24. Qf4 Rxc2 25. Ng5 Nb8 26. Rxc2 Qxc2 27. Rc1 Qxd3 28. Nxe6
g5 29. Nxg5 Bxh6 30. e6 1-0

[Event "chess.com IoM Masters"]
[Site "Douglas ENG"]
[Date "2016.10.02"]
[Round "2.9"]
[White "Trent, Lawrence"]
[Black "Shirov, Alexei"]
[Result "0-1"]
[WhiteTitle "IM"]
[BlackTitle "GM"]
[WhiteElo "2463"]
[BlackElo "2679"]
[WhiteFideId "408638"]
[BlackFideId "2209390"]
[EventDate "2016.10.01"]

1. e4 e5 2. Nf3 Nc6 3. Bb5 a6 4. Ba4 Nf6 5. O-O Be7 6. d3 b5 7. Bb3 O-O 8. Nc3
d6 9. a3 Be6 10. Bd5 Bxd5 11. exd5 Nd4 12. Nxd4 exd4 13. Ne2 Nxd5 14. Nxd4 Bf6
15. Nf5 Ne7 16. Ne3 Ng6 17. c3 Bg5 18. d4 Bxe3 19. Bxe3 Qd7 20. a4 d5 21. axb5
axb5 22. Qh5 c6 23. Rfe1 Rxa1 24. Rxa1 f5 25. Bd2 Re8 26. h3 Kf7 27. Kf1 h6 28.
f3 Qe6 29. Re1 Qf6 30. Rxe8 Kxe8 31. Kf2 Kf7 32. g4 f4 33. Bc1 b4 34. Bd2 b3 35.
Bc1 Kg8 36. Bd2 Kh7 37. Qf5 Qh4+ 38. Ke2 Qxh3 39. Be1 h5 40. Qxh5+ Qxh5 41. gxh5
Nf8 42. Kd3 Ne6 43. c4 Kh6 44. cxd5 cxd5 45. Kc3 Kxh5 46. Bf2 Ng5 47. Kxb3 Nxf3
48. Kc2 g5 49. Kd3 g4 50. Ke2 Ng5 51. b4 Ne4 0-1

[Event "chess.com IoM Masters"]
[Site "Douglas ENG"]
[Date "2016.10.02"]
[Round "2.10"]
[White "Movsesian, Sergei"]
[Black "Batsiashvili, Nino"]
[Result "1-0"]
[WhiteTitle "GM"]
[BlackTitle "IM"]
[WhiteElo "2677"]
[BlackElo "2480"]
[WhiteFideId "310204"]
[BlackFideId "13602993"]
[EventDate "2016.10.01"]

1. e4 e5 2. Nf3 Nc6 3. Bc4 Nf6 4. d3 Be7 5. O-O O-O 6. a4 d5 7. exd5 Nxd5 8. h3
Kh8 9. Re1 f6 10. Nbd2 Bf5 11. a5 Qd7 12. Ne4 Rad8 13. c3 b6 14. Bb5 a6 15. Bxa6
Nxa5 16. d4 exd4 17. Nxd4 Bg6 18. Ng3 Ra8 19. Bf1 Rfe8 20. Bd2 c6 21. Qf3 Nb7
22. Rxa8 Rxa8 23. Nxc6 Qxc6 24. c4 Bf7 25. cxd5 Bxd5 26. Qh5 Bf8 27. Bd3 Bg8 28.
Be4 Qd7 29. Be3 Ra5 30. Qf3 Nd6 31. Bxb6 Re5 32. Rd1 Qb5 33. Bc7 Qc5 34. Bxd6
Bxd6 35. Nf5 Bf8 36. Ng3 Qb6 37. Rd2 g6 38. b3 f5 39. Bc2 Re1+ 40. Kh2 Bg7 41.
Rd1 Re8 42. Rd7 Qc5 43. Rd2 Rc8 44. Bd1 Qb5 45. Rd3 h5 46. Ne2 h4 47. g3 hxg3+
48. fxg3 Bf7 49. h4 Qc6 50. Nf4 Qxf3 51. Bxf3 Rc2+ 52. Kh3 Rc3 53. Rd7 Bxb3 54.
Nxg6+ Kh7 55. Bh5 Bc4 56. Nf4 Kg8 57. Rd8+ Kh7 58. Bg6+ Kh6 59. Bxf5 Be5 60. Rd7
Bg8 61. Nd3 Bf6 62. Nf2 Bh8 63. Ng4+ Kh5 64. Rd6 1-0

[Event "chess.com IoM Masters"]
[Site "Douglas ENG"]
[Date "2016.10.02"]
[Round "2.11"]
[White "Paehtz, Elisabeth"]
[Black "Fressinet, Laurent"]
[Result "1/2-1/2"]
[WhiteTitle "IM"]
[BlackTitle "GM"]
[WhiteElo "2459"]
[BlackElo "2676"]
[WhiteFideId "4641833"]
[BlackFideId "608742"]
[EventDate "2016.10.01"]

1. e4 d6 2. d4 g6 3. Nc3 Bg7 4. f4 Nf6 5. Nf3 O-O 6. Bd3 Nc6 7. Be3 Ng4 8. Bg1
e5 9. fxe5 dxe5 10. d5 Nd4 11. h3 Nh6 12. Bc4 Kh8 13. Qd3 Nxf3+ 14. gxf3 f5 15.
O-O-O Nf7 16. h4 Nd6 17. h5 g5 18. h6 Bf6 19. exf5 Bxf5 20. Qe2 Qd7 21. Bd3 Rae8
22. Bxf5 Qxf5 23. Qd3 Qxd3 24. cxd3 Be7 25. Rh3 Rf5 26. Bh2 Ref8 27. Ne4 Rxf3
28. Bxe5+ Kg8 29. Rxf3 Rxf3 30. Bxd6 Bxd6 31. Re1 Bf4+ 32. Kc2 Kf7 33. Nc5 g4
34. Ne6 Kg6 35. Re4 Rf2+ 36. Kb3 Kf5 37. Nd4+ Kf6 38. Ne6 Kf5 39. Nd4+ Kg6 40.
Ne6 Bd6 41. Rxg4+ Kxh6 42. Rh4+ Kg6 43. Rg4+ Kf6 44. Rh4 Rh2 45. Rc4 Rh3 46.
Nxc7 Rxd3+ 47. Kc2 Rh3 48. Ne8+ Ke5 49. Nxd6 Kxd6 50. Rc8 Rg3 51. Rd8+ Kc7 52.
Rf8 Rg7 53. Rf6 h5 54. Rh6 Rg5 55. Rh7+ Kb6 56. d6 Rc5+ 57. Kd3 Rd5+ 58. Kc3
Rxd6 1/2-1/2

[Event "chess.com IoM Masters"]
[Site "Douglas ENG"]
[Date "2016.10.02"]
[Round "2.12"]
[White "Sargissian, Gabriel"]
[Black "Illingworth, Max"]
[Result "1-0"]
[WhiteTitle "GM"]
[BlackTitle "GM"]
[WhiteElo "2670"]
[BlackElo "2465"]
[WhiteFideId "13300881"]
[BlackFideId "3205207"]
[EventDate "2016.10.01"]

1. d4 d5 2. c4 c6 3. Nf3 Nf6 4. e3 e6 5. Bd3 dxc4 6. Bxc4 c5 7. O-O a6 8. b3
cxd4 9. Nxd4 Be7 10. Be2 O-O 11. Bb2 b5 12. a4 bxa4 13. Rxa4 Bb7 14. Nd2 Nbd7
15. Bf3 Nd5 16. Nc4 Rc8 17. Ra1 Nc5 18. Rc1 Rc7 19. Ba3 Ba8 20. Na5 Qd7 21. b4
Nb7 22. Rxc7 Qxc7 23. Bxd5 Nxa5 24. Bxa8 Rxa8 25. Qa4 Nb7 26. Rc1 Qd6 27. h3 Nd8
28. Rc3 Bf8 29. b5 Qb6 30. Bxf8 Kxf8 31. Qa3+ Ke8 32. Nc6 Nxc6 33. bxc6 Rc8 34.
Qc1 Rc7 35. Qc2 h6 36. Rc4 Kf8 37. Qc3 a5 38. Rg4 f6 39. Rc4 Qb5 40. Qa3+ Kg8
41. Qd6 Qe5 42. Qxe5 fxe5 43. Ra4 Rxc6 44. Rxa5 Kf7 45. Rxe5 Kf6 46. Ra5 g5 47.
g4 Kg6 48. Kg2 Rc4 49. Kf3 Rc1 50. h4 gxh4 51. Re5 Kf6 52. Rh5 Kg6 53. Rxh4 Rf1
54. Rh5 Kg7 55. Kg2 Ra1 56. f4 Kg6 57. Rb5 Re1 58. Kf3 Rh1 59. Rb6 Kf7 60. f5
exf5 61. gxf5 h5 62. e4 h4 63. e5 h3 64. Rb7+ Kg8 65. Kg3 Rf1 66. Rb8+ Kf7 67.
e6+ Ke7 68. Rb7+ Ke8 69. Rf7 Rh1 70. Rh7 Rg1+ 71. Kf4 Rh1 72. Ke5 Kd8 73. Kf6 1-0

[Event "chess.com IoM Masters"]
[Site "Douglas ENG"]
[Date "2016.10.02"]
[Round "2.13"]
[White "Romanishin, Oleg M"]
[Black "Melkumyan, Hrant"]
[Result "1/2-1/2"]
[WhiteTitle "GM"]
[BlackTitle "GM"]
[WhiteElo "2456"]
[BlackElo "2653"]
[WhiteFideId "14100088"]
[BlackFideId "13302485"]
[EventDate "2016.10.01"]

1. Nf3 Nf6 2. g3 b6 3. d4 Bb7 4. c4 g6 5. Bg2 Bg7 6. O-O O-O 7. d5 Ne4 8. Qc2 f5
9. Nbd2 Nd6 10. e4 e5 11. b4 Na6 12. a3 c5 13. dxc6 Bxc6 14. Bb2 Qe7 15. exf5
gxf5 16. Nxe5 Bxe5 17. Bxc6 dxc6 18. Rae1 Ne4 19. Nxe4 Bxb2 20. Nc3 Nxb4 21.
Qxb2 Nd3 22. Rxe7 Nxb2 23. c5 Nd3 24. cxb6 axb6 25. a4 Rf7 26. Re6 Rc8 27. Rb1
Nc5 28. Re3 Rb8 29. Re5 Nd7 30. Re6 Rc8 31. Rb4 Kf8 32. Rc4 Nc5 33. Rd6 Kg7 34.
a5 Rd7 35. Rxd7+ Nxd7 36. axb6 Nxb6 37. Rb4 Rb8 38. Kg2 Nd7 39. Rxb8 Nxb8 40. f4
Nd7 41. h3 h5 42. Kf3 Nf6 43. Nd1 Kf7 44. Ne3 Ke6 45. g4 hxg4+ 46. hxg4 1/2-1/2

[Event "chess.com IoM Masters"]
[Site "Douglas ENG"]
[Date "2016.10.02"]
[Round "2.14"]
[White "Praggnanandhaa, R"]
[Black "Hou, Yifan"]
[Result "0-1"]
[WhiteTitle "IM"]
[BlackTitle "GM"]
[WhiteElo "2442"]
[BlackElo "2649"]
[WhiteFideId "25059530"]
[BlackFideId "8602980"]
[EventDate "2016.10.01"]

1. e4 c5 2. Nf3 e6 3. d4 cxd4 4. Nxd4 Nf6 5. Nc3 d6 6. Be2 Be7 7. O-O a6 8. f4
Qc7 9. Kh1 O-O 10. a4 Nc6 11. Be3 Nxd4 12. Qxd4 Bd7 13. e5 Ne8 14. Qb4 Bc6 15.
Bb6 dxe5 16. Qa5 Qc8 17. fxe5 g6 18. Bd3 Bd8 19. Ne4 Bxb6 20. Qxb6 Qd8 21. Qe3
Bxe4 22. Qxe4 Qc7 23. a5 Rd8 24. b4 Ng7 25. g4 Qe7 26. Rae1 Rd7 27. Rf6 Rfd8 28.
Ref1 Rd4 29. Qe3 Rxb4 30. Rxf7 Qxf7 31. Rxf7 Kxf7 32. Qc5 Rbd4 33. Qb6 R8d7 34.
h3 R4d5 35. Kg2 Kg8 36. Kf3 Rxe5 37. h4 g5 38. h5 Ne8 39. Bxa6 bxa6 40. Qxa6 Kf7
41. Qb6 Re1 42. Qb5 Nf6 43. a6 Ra1 44. Qxg5 Rxa6 45. Qh6 Ke8 46. Ke2 Rf7 47. Qg5
Rd6 48. c4 Rd4 49. Qb5+ Nd7 50. g5 Rf5 51. Qa6 Ke7 52. Qa3+ Rc5 53. g6 hxg6 54.
hxg6 Rxc4 55. g7 Rg4 56. Qa1 Re5+ 57. Kf3 Rxg7 0-1

[Event "chess.com IoM Masters"]
[Site "Douglas ENG"]
[Date "2016.10.02"]
[Round "2.15"]
[White "Granda Zuniga, Julio E"]
[Black "Lou, Yiping"]
[Result "1/2-1/2"]
[WhiteTitle "GM"]
[BlackTitle "IM"]
[WhiteElo "2648"]
[BlackElo "2458"]
[WhiteFideId "3800024"]
[BlackFideId "8603928"]
[EventDate "2016.10.01"]

1. Nf3 Nf6 2. e3 c5 3. d4 cxd4 4. exd4 d5 5. Bd3 Nc6 6. c3 g6 7. O-O Bf5 8. Bxf5
gxf5 9. Ne1 e6 10. Bf4 Bd6 11. Bxd6 Qxd6 12. Nd2 O-O-O 13. a4 Rhg8 14. f3 Kb8
15. Nd3 Nh5 16. Rf2 Nf4 17. Nxf4 Qxf4 18. Nb3 Rg6 19. Nc5 Qe3 20. Qd3 Qxd3 21.
Nxd3 a5 22. h3 h5 23. h4 Kc7 24. Kh2 Kd6 25. Ra3 Rg7 26. Rb3 Kc7 27. Re2 b6 28.
Ra3 Kd6 29. Ra1 Ne7 30. Rb1 Rc8 31. Rc2 Ng6 32. b4 Nxh4 33. bxa5 bxa5 34. Rb7
Rc7 35. Rb5 Ra7 36. Rcb2 Rg8 37. Ne5 Rc7 38. Rxa5 Ng6 39. Nd3 Ke7 40. Rc5 Ra7
41. a5 Kf6 42. Ra2 Rb8 43. a6 Rb6 44. Nb4 Ne7 45. Raa5 Rd6 46. Rcb5 Nc6 47. Rb6
Nxa5 48. Rxd6 Ke7 49. Rc6 Kd7 50. Rc5 Nc4 51. Kg3 Nb6 52. Kh4 Na4 53. Rc6 Rc7
54. Rxc7+ Kxc7 55. a7 Kb7 56. Nc6 Nxc3 57. Kxh5 Nb5 58. Kg5 Nc7 59. Nd8+ Kxa7
60. Kf6 Nb5 61. Ke5 f6+ 62. Kxe6 Nxd4+ 63. Kxd5 Nc2 64. Ke6 1/2-1/2

[Event "chess.com IoM Masters"]
[Site "Douglas ENG"]
[Date "2016.10.02"]
[Round "2.16"]
[White "Daulyte, Deimante"]
[Black "Meier, Georg"]
[Result "1/2-1/2"]
[WhiteTitle "IM"]
[BlackTitle "GM"]
[WhiteElo "2429"]
[BlackElo "2648"]
[WhiteFideId "12802859"]
[BlackFideId "4675789"]
[EventDate "2016.10.01"]

1. e4 e6 2. d4 d5 3. Nd2 c5 4. exd5 Qxd5 5. Ngf3 cxd4 6. Bc4 Qd7 7. O-O Nc6 8.
Nb3 Nf6 9. Nbxd4 Nxd4 10. Nxd4 a6 11. Bb3 Bd6 12. Bg5 Qc7 13. h3 Ne4 14. Bh4 Nc5
15. Qg4 Be5 16. Nf3 h5 17. Qb4 a5 18. Qc4 Bf4 19. Bg5 Bxg5 20. Ba4+ Ke7 21. Nxg5
b6 22. Bb5 Bb7 23. Rfe1 Rad8 24. a3 Rd5 25. Nf3 Rc8 26. Qh4+ Kf8 27. Rad1 Qe7
28. Qf4 Qf6 29. Qxf6 gxf6 30. Rxd5 Bxd5 31. Nd4 e5 32. Nf5 Be6 33. g4 Rd8 34. b4
Nb7 35. Bc6 Bxf5 36. gxf5 Nd6 37. bxa5 bxa5 38. Rd1 Ke7 39. Rd5 Nc4 40. Rc5 Nxa3
41. Rxa5 Nxc2 42. Ra7+ Kf8 43. Bf3 Re8 44. Bxh5 Re7 45. Rxe7 Kxe7 46. Bf3 Nd4
47. Be4 Nb5 48. f3 Kf8 49. Kf2 Kg7 50. Kg3 Nc3 51. Bd3 Kh6 52. Kh4 Nd1 53. Bc2
Ne3 54. Be4 Ng2+ 55. Kg3 Nf4 56. Kg4 Kg7 1/2-1/2

[Event "chess.com IoM Masters"]
[Site "Douglas ENG"]
[Date "2016.10.02"]
[Round "2.17"]
[White "Bachmann, Axel"]
[Black "Kiewra, Keaton F"]
[Result "1/2-1/2"]
[WhiteTitle "GM"]
[BlackTitle "IM"]
[WhiteElo "2645"]
[BlackElo "2454"]
[WhiteFideId "3700488"]
[BlackFideId "2019280"]
[EventDate "2016.10.01"]

1. e4 c5 2. Nf3 d6 3. c3 Nf6 4. h3 g6 5. Bd3 Bg7 6. Bc2 O-O 7. O-O Nc6 8. d4
cxd4 9. cxd4 d5 10. e5 Ne4 11. Re1 Bf5 12. Nbd2 Nxd2 13. Bxd2 Bxc2 14. Qxc2 Rc8
15. Qd3 f6 16. e6 Qb6 17. a4 Nb4 18. Bxb4 Qxb4 19. Qb5 a5 20. Qxb4 axb4 21. a5
Rc2 22. Reb1 Ra8 23. Ra4 Re2 24. Rxb4 Rxa5 25. Rxb7 Rxe6 26. Rc1 Raa6 27. b4 Ra2
28. b5 Rb2 29. Re1 Rxe1+ 30. Nxe1 Rb1 31. Rxe7 f5 32. Kf1 Bxd4 33. Ke2 Rxb5 34.
Nd3 Ra5 35. Rd7 Rb5 36. g4 fxg4 1/2-1/2

[Event "chess.com IoM Masters"]
[Site "Douglas ENG"]
[Date "2016.10.02"]
[Round "2.18"]
[White "Alvarado Diaz, Alejandro"]
[Black "Howell, David W L"]
[Result "0-1"]
[WhiteTitle "IM"]
[BlackTitle "GM"]
[WhiteElo "2425"]
[BlackElo "2644"]
[WhiteFideId "2276119"]
[BlackFideId "410608"]
[EventDate "2016.10.01"]

1. d4 Nf6 2. Bg5 d5 3. Bxf6 exf6 4. e3 Bd6 5. Nd2 O-O 6. Bd3 c6 7. Qf3 a5 8. Ne2
a4 9. a3 Nd7 10. g4 b5 11. h4 b4 12. axb4 Bxb4 13. c3 Be7 14. g5 Ba6 15. Bc2 c5
16. Nf4 cxd4 17. cxd4 Rc8 18. Qd1 Nb6 19. Ne6 Qd7 20. Nxf8 Kxf8 21. gxf6 Bxf6
22. Nf3 Qb5 23. Ne5 Bxe5 24. dxe5 Qxb2 25. Rb1 Qxc2 26. Qxc2 Rxc2 27. Rxb6 Bc4
28. Kd1 Rxf2 29. Rb8+ Ke7 30. Ra8 Ra2 31. Rh3 a3 32. e4 Ra1+ 33. Kd2 a2 34. Rha3
dxe4 35. Kc3 Rc1+ 36. Kd4 Ke6 37. R8a5 Kf5 38. e6+ Kxe6 39. Kxe4 Kf6 40. h5 Re1+
41. Kf4 Be6 42. Ra6 Rf1+ 0-1

[Event "chess.com IoM Masters"]
[Site "Douglas ENG"]
[Date "2016.10.02"]
[Round "2.19"]
[White "Grandelius, Nils"]
[Black "Sundararajan, Kidambi"]
[Result "1-0"]
[WhiteTitle "GM"]
[BlackTitle "GM"]
[WhiteElo "2642"]
[BlackElo "2429"]
[WhiteFideId "1710400"]
[BlackFideId "5005370"]
[EventDate "2016.10.01"]

1. Nf3 f5 2. d4 e6 3. Bf4 Nf6 4. e3 b6 5. Be2 Bb7 6. O-O Be7 7. c4 O-O 8. Nc3
Ne4 9. Nxe4 fxe4 10. Nd2 Bg5 11. Bg3 Bh4 12. Qc2 Bxg3 13. fxg3 Rxf1+ 14. Rxf1
Qg5 15. Rf4 e5 16. Nxe4 Qe7 17. Rh4 exd4 18. exd4 Nc6 19. Nf2 g6 20. Re4 Qg7 21.
Qd2 Rf8 22. Qe3 d6 23. Nd3 Bc8 24. g4 Qf7 25. d5 Nd8 26. Re7 Qf6 27. g5 Qh8 28.
g4 Rf7 29. Re8+ Rf8 30. Qe7 Rxe8 31. Qxe8+ Kg7 32. Qe7+ Nf7 33. Qxc7 Qe8 34. Kf2
h6 35. gxh6+ Kxh6 36. h4 g5 37. h5 Bd7 38. Bf3 1-0

[Event "chess.com IoM Masters"]
[Site "Douglas ENG"]
[Date "2016.10.02"]
[Round "2.20"]
[White "Karavade, Eesha"]
[Black "Gupta, Abhijeet"]
[Result "1/2-1/2"]
[WhiteTitle "IM"]
[BlackTitle "GM"]
[WhiteElo "2421"]
[BlackElo "2626"]
[WhiteFideId "5012600"]
[BlackFideId "5010608"]
[EventDate "2016.10.01"]

1. d4 Nf6 2. c4 g6 3. Nc3 d5 4. cxd5 Nxd5 5. Bd2 Bg7 6. e4 Nxc3 7. Bxc3 O-O 8.
Qd2 Nc6 9. Nf3 Bg4 10. d5 Bxf3 11. Bxg7 Kxg7 12. gxf3 Ne5 13. Qc3 f6 14. O-O-O
Qd6 15. Bh3 Nf7 16. Kb1 Rab8 17. Qe3 Rfd8 18. f4 Qb6 19. Qxb6 axb6 20. Rc1 c6
21. Be6 Nd6 22. Rhe1 c5 23. Rc3 Nb5 24. Rb3 Nd4 25. Rxb6 Rd6 26. Rxd6 exd6 27.
Re3 Re8 28. f5 g5 29. Ra3 h5 30. Kc1 Kh6 31. f3 g4 32. f4 Ne2+ 33. Kd2 Nxf4 34.
Rb3 Re7 35. Ke3 Nh3 36. e5 fxe5 37. f6 Rc7 38. Rb6 Ng5 39. Rxd6 Kg6 40. f7 Nxf7
41. Bxf7+ Kxf7 42. Rh6 Rc8 43. Rxh5 Ra8 44. Rxe5 Rxa2 45. d6 b6 46. Rd5 Ke8 47.
b4 Ra3+ 48. Kd2 Ra2+ 49. Ke3 Ra3+ 50. Kd2 cxb4 51. Rd4 Ra2+ 52. Kc1 Rg2 53. Rxb4
Kd7 54. Rxb6 Rxh2 55. Kd1 g3 56. Rb7+ Kxd6 57. Rg7 g2 58. Ke1 Rh1+ 59. Kf2 g1=R
60. Rxg1 Rxg1 61. Kxg1 1/2-1/2

[Event "chess.com IoM Masters"]
[Site "Douglas ENG"]
[Date "2016.10.02"]
[Round "2.21"]
[White "Van Foreest, Jorden"]
[Black "Basso, Pier Luigi"]
[Result "1-0"]
[WhiteTitle "GM"]
[BlackTitle "IM"]
[WhiteElo "2615"]
[BlackElo "2428"]
[WhiteFideId "1039784"]
[BlackFideId "866970"]
[EventDate "2016.10.01"]

1. e4 c6 2. d4 d5 3. e5 Bf5 4. Nf3 e6 5. Be2 Nd7 6. O-O Bb4 7. Nbd2 Ba5 8. c3 h6
9. b4 Bc7 10. a4 Ne7 11. Re1 O-O 12. Nf1 f6 13. exf6 Rxf6 14. Ng3 Bg4 15. Nh4
Bxe2 16. Qxe2 Nf5 17. Nhxf5 exf5 18. Qf3 Qf8 19. Nh5 Rf7 20. Bf4 Bxf4 21. Nxf4
Re8 22. Ng6 Rxe1+ 23. Rxe1 Qd6 24. Re8+ Kh7 25. Qh5 Nf8 26. Ne5 Rf6 27. h4 g6
28. Qf3 Re6 29. Ra8 Nd7 30. Qg3 Nxe5 31. dxe5 Qxe5 32. Rxa7 Qe1+ 33. Kh2 Re7 34.
a5 Rg7 35. Ra8 g5 36. hxg5 Rxg5 37. Qh4 Qe7 38. g3 Qf7 39. Kg2 Rg7 40. Qd8 Rg8
41. Qxg8+ Qxg8 42. Rxg8 Kxg8 43. Kf3 Kf7 44. Ke3 Ke6 45. f4 Ke7 46. Kd4 Kd6 47.
c4 dxc4 48. Kxc4 Kd7 49. Kc5 Kc7 50. b5 cxb5 51. Kxb5 Kb8 52. Kb6 h5 53. Kc5 Ka7
54. Kb5 Ka8 55. a6 1-0

[Event "chess.com IoM Masters"]
[Site "Douglas ENG"]
[Date "2016.10.02"]
[Round "2.22"]
[White "Tania, Sachdev"]
[Black "L'Ami, Erwin"]
[Result "1/2-1/2"]
[WhiteTitle "IM"]
[BlackTitle "GM"]
[WhiteElo "2414"]
[BlackElo "2605"]
[WhiteFideId "5007844"]
[BlackFideId "1007998"]
[EventDate "2016.10.01"]

1. d4 Nf6 2. c4 e6 3. Nf3 d5 4. Nc3 c6 5. Qb3 a5 6. Bg5 a4 7. Qc2 dxc4 8. Nxa4
Nbd7 9. Nc3 b5 10. g3 Qa5 11. Bd2 b4 12. Nd1 Ba6 13. Bg2 Be7 14. O-O O-O 15. Ne3
Qb5 16. Rfc1 c3 17. bxc3 bxc3 18. Qxc3 Qxe2 19. Qxc6 Rfc8 20. Qa4 Rxc1+ 21. Rxc1
Bb7 22. Qd1 Qxd1+ 23. Rxd1 Rxa2 24. Ne5 Bxg2 25. Kxg2 Nb6 26. Rb1 Rxd2 27. Nf3
Ra2 28. Rxb6 Ra7 29. Rb8+ Bf8 30. d5 exd5 31. Rd8 g6 32. Nxd5 Ne4 33. Nd2 Nxd2
34. Nf6+ Kg7 35. Ne8+ Kh6 36. Rxd2 Be7 37. Nd6 Bxd6 38. Rxd6 1/2-1/2

[Event "chess.com IoM Masters"]
[Site "Douglas ENG"]
[Date "2016.10.02"]
[Round "2.23"]
[White "Bok, Benjamin"]
[Black "Gaponenko, Inna"]
[Result "1-0"]
[WhiteTitle "GM"]
[BlackTitle "IM"]
[WhiteElo "2594"]
[BlackElo "2421"]
[WhiteFideId "1017063"]
[BlackFideId "14101181"]
[EventDate "2016.10.01"]

1. e4 c5 2. Nc3 Nc6 3. Bb5 Nd4 4. Nf3 g6 5. Bc4 Bg7 6. Nxd4 cxd4 7. Qf3 Nf6 8.
Nb5 a6 9. Nxd4 e5 10. Ne2 b5 11. Bb3 Bb7 12. d3 d5 13. Ng3 h6 14. exd5 Bxd5 15.
Ne4 Bxb3 16. Nxf6+ Bxf6 17. axb3 Kf8 18. O-O Kg7 19. Re1 Qd6 20. Qe4 Rac8 21.
Re2 Rc6 22. Bd2 Qc7 23. c4 Rd8 24. Ba5 1-0

[Event "chess.com IoM Masters"]
[Site "Douglas ENG"]
[Date "2016.10.02"]
[Round "2.24"]
[White "Das, Arghyadip"]
[Black "Lenderman, Aleksandr"]
[Result "0-1"]
[WhiteTitle "IM"]
[BlackTitle "GM"]
[WhiteElo "2400"]
[BlackElo "2593"]
[WhiteFideId "5003610"]
[BlackFideId "2021285"]
[EventDate "2016.10.01"]

1. e4 e6 2. d4 d5 3. Nc3 Bb4 4. e5 b6 5. a3 Bxc3+ 6. bxc3 Qd7 7. Qg4 f5 8. Qg3
Ba6 9. Bxa6 Nxa6 10. Ne2 Kf7 11. a4 Nb8 12. h4 h6 13. Nf4 Ne7 14. h5 c5 15. Rh4
Rc8 16. Ng6 cxd4 17. cxd4 Rxc2 18. Nh8+ Kf8 19. Ng6+ Ke8 20. Nh8 Qc7 21. Bd2 Kf8
22. Ng6+ Kf7 23. Nxe7 Qxe7 24. Qg6+ Kf8 25. Rf4 Nc6 26. g4 Rxd2 27. Kxd2 Qb4+
28. Ke2 Qb2+ 29. Kd3 Nb4+ 30. Ke3 Qc3+ 31. Ke2 Qd3+ 0-1

[Event "chess.com IoM Masters"]
[Site "Douglas ENG"]
[Date "2016.10.02"]
[Round "2.25"]
[White "Lalith, Babu M R"]
[Black "Shvayger, Yuliya"]
[Result "1/2-1/2"]
[WhiteTitle "GM"]
[BlackTitle "WIM"]
[WhiteElo "2586"]
[BlackElo "2405"]
[WhiteFideId "5024595"]
[BlackFideId "14100126"]
[EventDate "2016.10.01"]

1. d4 Nf6 2. c4 e6 3. Nf3 d5 4. Nc3 c5 5. cxd5 Nxd5 6. e3 cxd4 7. exd4 Nxc3 8.
bxc3 Qc7 9. Qc2 Nd7 10. Bd3 b6 11. Ng5 Bb7 12. O-O Bd6 13. f4 Rc8 14. Bd2 h6 15.
Ne4 O-O 16. Qd1 Bxe4 17. Bxe4 Nf6 18. Bd3 Nd5 19. Qg4 Nf6 20. Qh4 Be7 21. Qh3
Rfd8 22. Rae1 Bd6 23. Rf3 Re8 24. g4 Nd5 25. Ref1 Bf8 26. g5 g6 27. gxh6 Ne7 28.
Qg4 Kh7 29. h4 f5 30. Qg2 Bxh6 31. Bb5 Rf8 32. Qe2 Nd5 33. c4 Nf6 34. Bb4 Ne4
35. Bxf8 Rxf8 36. Kg2 Rd8 37. Qe3 a6 38. Bxa6 Ra8 39. Bb5 Rxa2+ 40. Kg1 Nd2 41.
Qxe6 Nxf3+ 42. Rxf3 Bxf4 43. Kf1 1/2-1/2